Best movies - Statistics

General Stats
  • This quiz has been taken 59 times
    57 since last reset
  • The average score is 26 of 331
Answer Stats
Hint Answer % Correct
Russell Crowe Gladiator
45%
Sylvester Stallone Rocky
45%
Sean Connery The Rock
45%
Robert Downey Avengers
41%
Chris Hemsworth Thor
41%
Sylvester Stallone Rocky 2
39%
Sylvester Stallone Rocky 3
37%
Robert Downey Iron Man
35%
Arnold Schwarzenneger Terminator
35%
Sylvester Stallone Rocky 4
33%
Christian Bale The Dark Knight
33%
Chris Evans Captain America: The First Avenger
31%
Tom Cruise Mission Impossible
31%
Sylvester Stallone Rocky 5
31%
Robert Pattinson The Batman
31%
Vin Diesel Fast and Furious
29%
Tobey Maguire Spider Man
29%
Andrew Garfield The Amazing Spider Man
29%
Michael B.Jordan Creed
27%
Christian Bale The Dark Knight Rises
27%
Harrison Ford Indiana Jones and the last crusade
25%
Robert Downey Iron Man 2
25%
Robert Downey Iron Man 3
25%
Al Pacino The Godfather Part 2
25%
Christian Bale Batman Begins
24%
Harrison Ford Indiana Jones
24%
Harrison Ford Indiana Jones and the temple of doom
24%
Leonardo Dicaprio Titanic
24%
Tom Cruise Top Gun
24%
Chadwick Boseman Black Panther
22%
Michael B.Jordan Creed 2
22%
Michael B.Jordan Creed 3
22%
Ryan Reynolds Deadpool
22%
Leonardo Dicaprio Inception
22%
Tom Cruise Mission Impossible 2
22%
Cillian Murphy Oppenheimer
22%
Chris Hemsworth Thor: Ragnarok
22%
Robert Downey Avengers: Endgame
20%
Robert Downey Avengers: Infinity War
20%
Joaquin Phoenix Joker
20%
Keanu Reeves Matrix
20%
Morgan Freeman Shawshank Redemption
20%
Tobey Maguire Spider Man 2
20%
Tobey Maguire Spider Man 3
20%
Tom Cruise Top Gun: Maverick
20%
Ryan Reynolds Deadpool and Wolverine
18%
Bruce Willis Die Hard
18%
Bennedict Cumberbatch Doctor Strange
18%
Tom Cruise Mission Impossible 3
18%
Daniel Craig No Time To Die
18%
Tom Holland Spider Man: Homecoming
18%
Liam Neeson Taken
18%
Liam Neeson Taken 2
18%
Leonardo Dicaprio The Wolf of Wall Street
18%
Denzel Washington Training Day
18%
Owen Wilson Wonder
18%
Gal Gadot Wonder Woman
18%
Paul Rudd Ant Man
16%
Zoe Saldana Avatar
16%
Chris Evans Captain America: Civil War
16%
Chris Evans Captain America: The Winter Soldier
16%
Paul Mescal Gladiator 2
16%
Daniel Craig Skyfall
16%
Tom Holland Spider Man: Far From Home
16%
Tom Holland Spider Man: No Way Home
16%
Liam Neeson Taken 3
16%
Jim Carrey The Truman Show
16%
Chris Hemsworth Thor: Love and Thunder
16%
Chris Hemsworth Thor: The Dark World
16%
Gal Gadot Wonder Woman 1984
16%
Christian Bale American Psycho
14%
Daniel Craig Casino Royal
14%
Ryan Reynolds Deadpool 2
14%
Jim Carrey Dumb and Dumber
14%
Chris Pratt Jurassic World
14%
Henry Cavill Man of Steel
14%
Daniel Craig Spectre
14%
Jim Carrey The Mask
14%
Tom Hardy Venom
14%
Hugh Jackman Xmen
14%
Jim Carrey Ace Ventura: Pet Detective
12%
Jason Momoa Aquaman
12%
Scarlett Johansson Black Widow
12%
Sean Connery Gold Finger
12%
Chris Pratt Guardians of the Galaxy vol 2
12%
Chris Pratt Guardians of the Galaxy vol 3
12%
Macauley Culkin Home Alone
12%
Hugh Jackman Logan
12%
Paul Rudd Ant Man and the Wasp
10%
Robert Downey Avengers: Age of Ultron
10%
Will Smith Bad Boys
10%
Mel Gibson Brave Heart
10%
Brie Larson Captain Marvel
10%
Fionn Whitehead Dunkirk
10%
Denzel Washington Equalizer
10%
Vin Diesel Fast and Furious 4
10%
Vin Diesel Fast and Furious 7
10%
Rowan Atkinson Johnny English
10%
Joaquin Phoenix Joker 2
10%
Daniel Craig Quantum of Solace
10%
Keanu Reeves Speed
10%
Mark Wahlberg Ted
10%
Andrew Garfield The Amazing Spider Man 2
10%
Marlon Brando The Godfather Part 1
10%
Al Pacino The Godfather Part 3
10%
Edward Norton The Incredible Hulk
10%
Hugh Jackman Xmen 2
10%
Hugh Jackman Xmen: Days of Future Past
10%
George Mackay 1917
8%
Paul Rudd Ant Man and the Wasp: Quantumania
8%
Will Smith Bad Boys 2
8%
Bruce Willis Die Hard 2
8%
Bruce Willis Die Hard 3
8%
Bennedict Cumberbatch Doctor Strange in the multiverse of madness
8%
Vin Diesel Fast and Furious 6
8%
Chris Pratt Guardians of the Galaxy vol 1
8%
Richard Dreyfuss Jaws
8%
Ben Affleck Justice League
8%
Matt Damon Ocean's 11
8%
Jackie Chan Rush Hour
8%
Jackie Chan Rush Hour 2
8%
Daisy Ridley Star Wars: The Last Jedi
8%
Arnold Schwarzenneger Terminator 3
8%
Tom Hardy Venom: Let there be carnage
8%
Russell Crowe A Beautiful Mind
6%
Will Smith Bad Boys for life
6%
Ben Affleck Batman v Superman: Dawn of Justice
6%
Denzel Washington Equalizer 2
6%
Denzel Washington Equalizer 3
6%
Nicolas Cage Face Off
6%
Vin Diesel Fast and Furious 5
6%
Brad Pitt Fury
6%
Robert De Niro Heat
6%
Will Smith Independence Day
6%
Dwayne Johnson Jumanji: Welcome to the jungle
6%
Chris Pratt Jurassic World Dominion
6%
Tom Cruise Mission Impossible: Dead Reckoning Part 1
6%
Tom Cruise Mission Impossible: Fallout
6%
Tom Cruise Mission Impossible: Ghost Protocol
6%
Matt Damon Ocean's 12
6%
Dwayne Johnson Red Notice
6%
Jackie Chan Rush Hour 3
6%
Tom Hanks Saving Private Ryan
6%
Daisy Ridley Star Wars: The Force Awakens
6%
Daisy Ridley Star Wars: The Rise of Skywalker
6%
Jared Leto Suicide Squad
6%
Mark Wahlberg The Fighter
6%
Paul Walker 2 Fast 2 Furious
4%
Bradley Cooper American Sniper
4%
Jason Momoa Aquaman and the lost kingdom
4%
Zoe Saldana Avatar: The Way of Water
4%
Dwayne Johnson Baywatch
4%
Dwayne Johnson Black Adam
4%
Matt Damon Bourne Identity
4%
Jeremy Renner Bourne Legacy
4%
Matt Damon Bourne Supremacy
4%
Matt Damon Bourne Ultimatum
4%
Jim Carrey Bruce Almighty
4%
Gary Oldman Darkest Hour
4%
Sean Connery Dr.No
4%
Jim Carrey Dumb and Dumber 2
4%
Clint Eastwood Escape from Alcatraz
4%
Nicolas Cage Ghost Rider
4%
Pierce Brosnan Goldeneye
4%
Matt Damon Jason Bourne
4%
Roy Scheider Jaws 2
4%
Keanu Reeves John Wick Chapter 1
4%
Keanu Reeves John Wick Chapter 2
4%
Keanu Reeves John Wick Chapter 3
4%
Keanu Reeves John Wick Chapter 4
4%
Dwayne Johnson Jumanji: The next level
4%
Chris Pratt Jurassic World: Fallen Kingdom
4%
Gerard Butler London has fallen
4%
Matt Damon Martian
4%
Tom Cruise Mission Impossible: Rogue Nation
4%
Matt Damon Ocean's 13
4%
Anne Hathaway Ocean's 8
4%
Gerard Butler Plane
4%
Luke Bracey Point Break
4%
Arnold Schwarzenneger Predator
4%
Kevin Hart Ride Along
4%
Kevin Hart Ride Along 2
4%
Zachary Levi Shazam
4%
Tom Hanks Sully
4%
Mark Wahlberg Ted 2
4%
Arnold Schwarzenneger Terminator 2: Judgement Day
4%
Leonardo Dicaprio The Revenant
4%
Kevin Spacey The Usual Suspects
4%
Tom Hardy Venom: The last dance
4%
Hugh Jackman Xmen Origins: Wolverine
4%
Gerard Butler Angel has fallen
2%
Sylvester Stallone Cliffhanger
2%
Samuel L.Jackson Coach Carter
2%
Arnold Schwarzenneger Commando
2%
Nicolas Cage Con Air
2%
Anthony Hopkins Edge
2%
Sean Connery From Russia with love
2%
Ana De Armas Ghosted
2%
Gal Gadot Heart of Stone
2%
Macauley Culkin Home Alone 2: Lost in New York
2%
Rowan Atkinson Johnny English 2
2%
Kevin Hart Lift
2%
Keanu Reeves Matrix: Reloaded
2%
Robert De Niro Meet the Parents
2%
Jason Statham Meg 2
2%
Liam Neeson Non Stop
2%
Jim Caviezel Passion of the Christ
2%
Sylvester Stallone Rambo 2
2%
Sylvester Stallone Rambo 3
2%
Cillian Murphy Red Eye
2%
Dwayne Johnson Skyscraper
2%
Jason Statham The Beekeeper
2%
Vin Diesel The Fate of the Furious
2%
Mark Wahlberg The Italian Job
2%
Jason Statham The Meg
2%
Jackie Chan The Tuxedo
2%
Mark Wahlberg The Union
2%
Pierce Brosnan Tomorrow never dies
2%
Jeremy Renner Wind River
2%
Hugh Jackman Xmen: First Class
2%
John Cena 12 Rounds
0%
Chris Hemsworth 12 Strong
0%
Kevin Costner 13 Days
0%
Mark Wahlberg 2 Guns
0%
Kevin Costner 3 Days to kill
0%
Mandy Moore 47 Meters Down
0%
Brianne Tju 47 Meters Down: Uncaged
0%
Ryan Reynolds 6 Underground
0%
Liam Neeson Absolution
0%
Frank Grillo A Day to Die
0%
Harrison Ford Air Force One
0%
Denzel Washington American Gangster
0%
Bruce Willis Armageddon
0%
Owen Wilson Behind Enemy Lines
0%
Samuel L.Jackson Big Game
0%
Liam Neeson Blacklight
0%
Liam Neeson Cold Pursuit
0%
Arnold Schwarzenneger Collateral Damage
0%
Will Ferrell Daddy's Home
0%
Will Ferrell Daddy's Home 2
0%
Tom Cruise Days of Thunder
0%
Mark Wahlberg Deepwater Horizon
0%
Pierce Brosnan Die another day
0%
Sylvester Stallone Escape Plan
0%
Sylvester Stallone Escape Plan 2: Hades
0%
Sylvester Stallone Escape Plan 3: The Extractors
0%
Sylvester Stallone Expandables
0%
Sylvester Stallone Expandables 2
0%
Sylvester Stallone Expandables 3
0%
Sylvester Stallone Expandables 4
0%
Vin Diesel F9: The First Saga
0%
Sung Kang Fast and Furious 3: Tokyo Drift
0%
Jason Statham Fast and Furious: Hobbs and Shaw
0%
Vin Diesel Fast X: Part 1
0%
Harrison Ford Firewall
0%
Denzel Washington Flight
0%
Christian Bale Ford vs Ferrari
0%
Gerard Butler Geostorm
0%
Dwayne Johnson Gi Joe: Retaliation
0%
Robert De Niro Godfellas
0%
Ryan Reynolds Green Lantern
0%
Matt Damon Green Zone
0%
Jackie Chan Hidden Strike
0%
Samuel L.Jackson Hitman's Bodyguard
0%
Samuel L.Jackson Hitman's wife's Bodyguard
0%
Alex D.Linz Home Alone 3
0%
Jason Statham Homefront
0%
Frank Grillo Hounds of War
0%
Gerard Butler Hunter Killer
0%
Adam Sandler Hustle
0%
Harrison Ford Indiana Jones and the dial of destiny
0%
Harrison Ford Indiana Jones and the kingdom of crystal skull
0%
Dennis Quaid Jaws 3-D
0%
David Luther Jaws 5: Cruel Jaws
0%
Lance Guest Jaws: The Revenge
0%
Rowan Atkinson Johnny English Strikes Again
0%
Harrison Ford K19: The widowmaker
0%
Gerard Butler Kandahar
0%
Orlando Boom Kingdom of Heaven
0%
Tom Cruise Knight and Day
0%
Frank Grillo Lamborghini vs Ferrari: The man behind the legend
0%
Gerard Butler Last Seen Alive
0%
Tom Hardy Legend
0%
Mark Wahlberg Lone Survivor
0%
Denzel Washington Man on Fire
0%
Keanu Reeves Matrix: Ressurections
0%
Keanu Reeves Matrix: Revolutions
0%
Liam Neeson Memory
0%
Mark Wahlberg Mile 22
0%
Owen Wilson No Escape
0%
Gerard Butler Olympus has fallen
0%
Ben Affleck Pearl Harbor
0%
Gerard Butler Phantom of the Opera
0%
Joseph Gordon-Levitt Premium Rush
0%
Tom Cruise Rain Man
0%
Sylvetser Stallone Rambo 4
0%
Sylvester Stallone Rambo: First Blood
0%
Sylvester Stallone Rambo: Last Blood
0%
Dwayne Johnson Rampage
0%
Frank Grillo Reprisal
0%
Liam Neeson Retribution
0%
Dwayne Johnson San Andreas
0%
Jackie Chan Shangai Noon
0%
Mark Wahlberg Shooter
0%
Benicio del Toro Sicario
0%
Benicio del Toro Sicario: Day of the Soldado
0%
Jake Gyllenhaal Southpaw
0%
Arnold Shwarzenneger Terminator Dark Fate
0%
Arnold Schwarzenneger Terminator Genisys
0%
Gerard Butler The Bounty Hunter
0%
Liam Neeson The Commuter
0%
Sasha Baron Cohen The Dictator
0%
Harrison Ford The Fugitive
0%
Matt Damon The Last Duel
0%
Tom Cruise The Last Samurai
0%
Denzel Washington The Little Things
0%
Leonardo Dicaprio The Man in the Iron Mask
0%
Liam Neeson The Marksman
0%
Jason Statham The Mechanic
0%
Jason Statham The Mechanic: Ressurections
0%
Pierce Brosnan The November Man
0%
Robert De Niro The Score
0%
Bratt Pitt Troy
0%
Mark Wahlberg Uncharted
0%
Tom Cruise Valkyrie
0%
Tom Hardy Warrior
0%
Jason Statham Wrath of a Man
0%
Hugh Jackman Xmen 3: The Last Stand
0%
Vin Diesel XXX
0%
Vin Diesel XXX: Return of Xander Cage
0%
Ice Cube XXX: State of Union
0%
No matching quizzes found
Score Distribution
Percent of People with Each Score
Percentile by Number Answered
Your Score History
You have not taken this quiz since the last reset